| 000 | 01350nam a2200193 4500 | ||
|---|---|---|---|
| 999 |
_c6822 _d6822 |
||
| 020 | _a9780495118886 | ||
| 050 |
_aQA276.12 _b.P4335 |
||
| 100 | _aPeck, Roxy | ||
| 245 |
_aIntroduction to statistics and data analysis _cRoxy Peck, Chris Olsen & Jay Devore |
||
| 250 | _a3rd ed. | ||
| 260 |
_aBelmont, CA _bThomson / BrooksCole _c2008 |
||
| 300 |
_axxvii, 895p. : _bill. _c26cm |
||
| 500 | _aIncludes index | ||
| 505 | _aChapter 1. The Role of Statistics and the Data Analysis Chapter 2. Collecting Data Sensibly Chapter 3. Graphical Methods for Describing Data Chapter 4. Numerical Methods for Describing Data Chapter 5. Summarizing Bivariate Data Chapter 6. Probability Chapter 7. Random Variables and Probability Distributions Chapter 8. Sampling Variability and Sampling Distributions Chapter 9. Estimation Using a Single Sample Chapter 10. Hypothesis Testing Using a Single Sample Chapter 11. Comparing Two Populations or Treatments Chapter 12. The Analysis of Categorical Data and Goodness-of-Fit Test Chapter 13. Simple Linear Regression and Correlation: Inferential Methods Chapter 14. Multiple Regression Analysis Chapter 15. Analysis of Variance Chapter 16. Nonparametric (Distribution -Free) Statistical Methods | ||
| 650 | _aStatistics | ||
| 700 | _aOlsen, Chris | ||
| 700 | _aDevore, Jay | ||
| 942 | _cBK | ||